Statistiques concernant Coupes du Monde de Football: Pologne

Cliquez ici pour prendre le quiz!

Statistiques générales

  • Ce quiz a été pris 67 fois
  • Le résultat moyen est 19 sur 26

Statistiques - réponses

Réponse% Correct
France
98%
Argentine
93%
Allemagne
90%
Japon
90%
RFA
90%
Brésil
88%
Italie
85%
Mexique
85%
Portugal
81%
URSS
81%
Arabie Saoudite
80%
Colombie
76%
Etats-Unis
76%
Sénégal
76%
Angleterre
75%
Corée du Sud
71%
Belgique
68%
Suède
66%
Maroc
64%
Yougoslavie
63%
Pérou
54%
Cameroun
53%
Equateur
49%
Tunisie
47%
Costa Rica
44%
Haïti
15%

Distribution des résultats

Percentile par nombre de réponses

% des personnes avec chaque résultat

Votre développement - résultats

Vous n’avez pas pris ce quiz